Latin America : development and conflict since 1945 /

Bibliographic Details
Main Author: Ward, John, 1946-
Format: Book
Language:English
Published: London : Routledge, 2004.
Edition:2nd ed.
Series:Making of the contemporary world.
Subjects:
Online Access:Table of contents

MARC

Tag First Indicator Second Indicator Subfields
LEADER 00000pam a22000004a 4500
001 in00002018739
005 20151031162038.0
008 031212s2004 enkab b 001 0 eng
010 |a  2003027168 
020 |a 0415318238 (pbk) 
020 |a 041531822X (hbk) 
035 |a (OCoLC)ocm53903687 
040 |a DLC  |c DLC  |d TXA  |d UtOrBLW 
042 |a pcc 
043 |a cl----- 
049 |a TXAM 
050 0 0 |a HC125  |b .W37 2004 
082 0 0 |a 330.98/0033  |2 22 
100 1 |a Ward, John,  |d 1946- 
245 1 0 |a Latin America :  |b development and conflict since 1945 /  |c John Ward. 
250 |a 2nd ed. 
264 1 |a London :  |b Routledge,  |c 2004. 
300 |a viii, 177 pages :  |b illustrations, 1 map ;  |c 23 cm. 
336 |a text  |b txt  |2 rdacontent 
337 |a unmediated  |b n  |2 rdamedia 
338 |a volume  |b nc  |2 rdacarrier 
490 1 |a The making of the contemporary world 
504 |a Includes bibliographical references (pages [163]-169) and index. 
651 0 |a Latin America  |x Economic conditions  |y 1945- 
651 0 |a Latin America  |x Social conditions  |y 1945-1982. 
651 0 |a Latin America  |x Social conditions  |y 1982- 
830 0 |a Making of the contemporary world. 
856 4 1 |3 Table of contents  |u http://www.loc.gov/catdir/toc/ecip0412/2003027168.html  |t 0 
948 |a cataloged  |b h  |c 2005/1/12  |d c  |e dmitchel  |f 10:10:10 am 
994 |a E0  |b TXA 
999 |a MARS 
999 f f |s 049fc5b1-314f-39bf-8548-a94adc6a4983  |i 685223fd-4eb3-3501-b535-599e256d07ee  |t 0 
952 f f |p ric  |a Texas A&M University  |b Rellis Campus  |c Joint Library Facility  |d Remote Storage  |t 0  |e HC125 .W37 2004  |h Library of Congress classification  |i unmediated -- volume  |m A14831715813 
998 f f |a HC125 .W37 2004  |t 0  |l Remote Storage